Estatísticas para Liechtenstein

Clique aqui para jogar o quiz

Estatísticas Gerais

  • Esse quiz foi jogado 11 vezes
  • A pontuação média é 6 de 11

Estatísticas das Respostas

HintResposta% Correto
Qual é o seu idioma?Alemão
100%
Onde fica?Europa
100%
Qual é a sua religião?Cristianismo
90%
Qual é o seu principal ponto turístico?Castelo de Vaduz
70%
Qual é a sua capital?Vaduz
70%
Qual é o seu código ISO?LIE
60%
Qual é a sua moeda?Franco suíço
30%
Qual é o seu ponto mais alto?Grauspitz
20%
Como se chama o principal estádio do país?Rheinpark Stadion
10%
Qual é a sua cidade mais populosa?Schaan
10%
Qual é o desporto mais popular?Esqui alpino
0%

Distribuição das Pontuações

Percentil de Números Respondidos

Porcentagem de Pessoas com Cada Pontuação

Sua Pontuação Histórica

Você não jogou esse quiz